Normal view
MARC view
Entry Personal Name
001 - CONTROL NUMBER
- control field: 51381
003 - CONTROL NUMBER IDENTIFIER
- control field: ARRUPE
005 - DATE AND TIME OF LATEST TRANSACTION
- control field: 20220421095747.0
008 - FIXED-LENGTH DATA ELEMENTS
- fixed length control field: 220421|| aca||aabn | a|a d
040 ## - CATALOGING SOURCE
- Original cataloging agency: ARRUPE
- Transcribing agency: ARRUPE
100 ## - HEADING--PERSONAL NAME
- Personal name: Jüngel, Eberhard
670 ## - SOURCE DATA FOUND
- Source citation: Work cat.: (ARRUPE)131327: Jüngel, Eberhard., God as the mystery of the world :, c1983.